[Event "Team Championship of Russia (rapid)"]
[Site "Sochi"]
[Date "2015.05.08"]
[Round "2.3"]
[White "Aleksandrov, Aleksej"]
[Black "Fedoseev, Vladimir"]
[Result "0-1"]
[LiveChessVersion "1.4.4"]
[BlackElo "2659"]
[WhiteElo "2685"]
[BlackTeam "The Bronze Horseman"]

1. d4 {[%clk 0:15:18]} Nf6 {[%clk 0:15:19]} 2. c4 {[%clk 0:15:27]} e6
{[%clk 0:15:28]} 3. Nc3 {[%clk 0:15:36]} Bb4 {[%clk 0:15:37]} 4. e3
{[%clk 0:15:44]} O-O {[%clk 0:15:46]} 5. Bd3 {[%clk 0:15:53]} d5 {[%clk 0:15:50]}
6. cxd5 {[%clk 0:16:00]} exd5 {[%clk 0:15:58]} 7. Nge2 {[%clk 0:16:07]} Nbd7
{[%clk 0:15:47]} 8. a3 {[%clk 0:15:36]} Bd6 {[%clk 0:15:48]} 9. O-O
{[%clk 0:15:39]} c5 {[%clk 0:15:53]} 10. Nb5 {[%clk 0:14:58]} Bb8
{[%clk 0:15:57]} 11. dxc5 {[%clk 0:15:07]} Nxc5 {[%clk 0:15:54]} 12. Bc2
{[%clk 0:14:37]} Nce4 {[%clk 0:13:38]} 13. f3 {[%clk 0:14:38]} a6
{[%clk 0:13:03]} 14. Nbd4 {[%clk 0:14:24]} Nd6 {[%clk 0:11:27]} 15. b3
{[%clk 0:13:28]} Re8 {[%clk 0:11:36]} 16. Bd2 {[%clk 0:13:28]} g6
{[%clk 0:11:01]} 17. Qe1 {[%clk 0:13:15]} Nh5 {[%clk 0:10:39]} 18. a4
{[%clk 0:12:06]} Bd7 {[%clk 0:10:07]} 19. Qf2 {[%clk 0:11:52]} Bc7
{[%clk 0:08:52]} 20. Rad1 {[%clk 0:11:36]} Rc8 {[%clk 0:09:00]} 21. Bc1
{[%clk 0:11:28]} Qe7 {[%clk 0:08:17]} 22. g4 {[%clk 0:11:01]} Nf6
{[%clk 0:07:15]} 23. h3 {[%clk 0:10:46]} b5 {[%clk 0:06:59]} 24. axb5
{[%clk 0:10:43]} Nxb5 {[%clk 0:07:08]} 25. Bd3 {[%clk 0:10:16]} Bb6
{[%clk 0:07:07]} 26. Rfe1 {[%clk 0:10:13]} h5 {[%clk 0:05:20]} 27. Nxb5
{[%clk 0:07:32]} axb5 {[%clk 0:05:16]} 28. Nd4 {[%clk 0:07:41]} Ba5
{[%clk 0:03:47]} 29. Re2 {[%clk 0:07:20]} Nh7 {[%clk 0:02:43]} 30. Nxb5
{[%clk 0:06:05]} Ng5 {[%clk 0:02:42]} 31. Kg2 {[%clk 0:05:42]} hxg4
{[%clk 0:02:12]} 32. hxg4 {[%clk 0:05:48]} Ne4 {[%clk 0:01:39]} 33. fxe4
{[%clk 0:05:46]} dxe4 {[%clk 0:01:48]} 34. Bc4 {[%clk 0:05:15]} Bxg4
{[%clk 0:01:46]} 35. Nd4 {[%clk 0:03:40]} Bxe2 {[%clk 0:01:02]} 36. Nxe2
{[%clk 0:03:15]} Red8 {[%clk 0:00:32]} 37. Rh1 {[%clk 0:02:28]} Rc5
{[%clk 0:00:16]} 38. Bxf7+ {[%clk 0:02:00]} Kg7 {[%clk 0:00:18]} 39. Bb2+
{[%clk 0:02:05]} Re5 {[%clk 0:00:25]} 40. Qf4 {[%clk 0:02:09]} Bc7
{[%clk 0:00:32]} 41. Qh6+ {[%clk 0:01:23]} Kxf7 {[%clk 0:00:37]} 42. Qh7+
{[%clk 0:01:01]} Kf6 {[%clk 0:00:27]} 43. Qxe7+ {[%clk 0:00:55]} Kxe7
{[%clk 0:00:35]} 44. Rh7+ {[%clk 0:01:04]} Ke8 {[%clk 0:00:21]} 45. Rxc7
{[%clk 0:01:03]} Rg5+ {[%clk 0:00:28]} 46. Kf1 {[%clk 0:01:09]} Rd1+
{[%clk 0:00:25]} 47. Kf2 {[%clk 0:01:14]} Rf5+ {[%clk 0:00:35]} 48. Kg3
{[%clk 0:01:15]} Rf3+ {[%clk 0:00:36]} 49. Kg4 {[%clk 0:01:16]} Rd2
{[%clk 0:00:43]} 50. Nd4 {[%clk 0:01:22]} Rg2+ {[%clk 0:00:50]} 51. Kh4
{[%clk 0:01:30]} Rf1 {[%clk 0:00:51]} 52. Kh3 {[%clk 0:01:21]} Rxb2
{[%clk 0:00:46]} 53. Rb7 {[%clk 0:01:03]} Rg1 {[%clk 0:00:39]} 54. b4
{[%clk 0:01:03]} Rbg2 {[%clk 0:00:29]} 55. b5 {[%clk 0:00:44]} Rg3+
{[%clk 0:00:34]} 56. Kh2 {[%clk 0:00:38]} R1g2+ 57. Kh1 Rb2 {[%clk 0:00:49]} 58.
Ra7 {[%clk 0:00:30]} Rxe3 {[%clk 0:00:48]} 59. Ra1 {[%clk 0:00:39]} Rd3
{[%clk 0:00:50]} 60. Ne6 {[%clk 0:00:47]} Rh3+ {[%clk 0:00:35]} 61. Kg1
{[%clk 0:00:56]} Rg3+ {[%clk 0:00:44]} 62. Kh1 {[%clk 0:00:49]} Ke7
{[%clk 0:00:53]} 63. Nc5 {[%clk 0:00:54]} Rxb5 {[%clk 0:00:59]} 64. Rc1
{[%clk 0:01:02]} e3 {[%clk 0:00:53]} 65. Kh2 {[%clk 0:01:08]} Rg4
{[%clk 0:01:00]} 66. Kh3 {[%clk 0:01:15]} Rd4 {[%clk 0:01:08]} 67. Kg3
{[%clk 0:01:23]} e2 {[%clk 0:01:14]} 68. Kf2 {[%clk 0:01:31]} Rd1
{[%clk 0:01:22]} 69. Rc2 {[%clk 0:01:39]} e1=Q+ {[%clk 0:01:29]} 0-1

[Event "Team Championship of Russia (rapid)"]
[Site "Sochi"]
[Date "2015.05.08"]
[Round "2.4"]
[White "Khairullin, Ildar"]
[Black "Tregubov, Pavel V."]
[Result "0-1"]
[LiveChessVersion "1.4.4"]
[BlackElo "2671"]
[WhiteElo "2617"]
[BlackTeam "University"]

1. d4 {[%clk 0:15:18]} Nf6 {[%clk 0:15:19]} 2. c4 {[%clk 0:15:25]} Nc6
{[%clk 0:15:25]} 3. Nc3 {[%clk 0:15:10]} e5 {[%clk 0:15:32]} 4. d5
{[%clk 0:15:18]} Ne7 {[%clk 0:15:41]} 5. e4 {[%clk 0:15:22]} Ng6 {[%clk 0:15:48]}
6. Bd3 {[%clk 0:15:16]} Bc5 {[%clk 0:15:47]} 7. Qe2 {[%clk 0:14:48]} d6
{[%clk 0:15:21]} 8. g3 {[%clk 0:14:57]} c6 {[%clk 0:14:40]} 9. h4
{[%clk 0:14:20]} h6 {[%clk 0:14:06]} 10. Be3 {[%clk 0:13:47]} Qb6
{[%clk 0:13:12]} 11. Bxc5 {[%clk 0:13:11]} Qxc5 {[%clk 0:13:21]} 12. f3
{[%clk 0:10:36]} a6 {[%clk 0:11:23]} 13. Qf2 {[%clk 0:10:42]} Qa5
{[%clk 0:11:14]} 14. Nge2 {[%clk 0:10:32]} cxd5 {[%clk 0:11:11]} 15. cxd5
{[%clk 0:10:39]} b5 {[%clk 0:10:39]} 16. O-O {[%clk 0:10:43]} b4 {[%clk 0:10:41]}
17. Nd1 {[%clk 0:10:52]} Nd7 {[%clk 0:10:00]} 18. Ne3 {[%clk 0:10:52]} Nc5
{[%clk 0:10:04]} 19. Nc4 {[%clk 0:09:25]} Qd8 {[%clk 0:09:25]} 20. Qe3
{[%clk 0:09:33]} O-O {[%clk 0:09:12]} 21. Rac1 {[%clk 0:08:37]} Nxd3
{[%clk 0:09:03]} 22. Qxd3 {[%clk 0:08:45]} a5 {[%clk 0:08:41]} 23. Qe3
{[%clk 0:07:56]} f5 {[%clk 0:08:13]} 24. Qb6 {[%clk 0:06:50]} fxe4
{[%clk 0:06:54]} 25. Qxd8 {[%clk 0:05:55]} Rxd8 {[%clk 0:07:03]} 26. fxe4
{[%clk 0:06:04]} Ba6 {[%clk 0:06:58]} 27. Rfe1 {[%clk 0:04:12]} Nf8
{[%clk 0:06:51]} 28. Kf2 {[%clk 0:04:02]} Nd7 {[%clk 0:06:32]} 29. Ke3
{[%clk 0:03:58]} Nf6 {[%clk 0:05:39]} 30. Ng1 {[%clk 0:02:43]} Bb5
{[%clk 0:05:16]} 31. Nf3 {[%clk 0:02:48]} Ra7 {[%clk 0:05:03]} 32. Nfd2
{[%clk 0:02:45]} a4 {[%clk 0:05:10]} 33. b3 {[%clk 0:01:02]} Kf8 {[%clk 0:05:03]}
34. bxa4 {[%clk 0:00:55]} Rxa4 35. Rc2 Ke7 {[%clk 0:04:40]} 36. Rb1
{[%clk 0:01:14]} Rc8 {[%clk 0:04:36]} 37. Rbb2 {[%clk 0:01:06]} Ng4+
{[%clk 0:04:19]} 38. Kf3 {[%clk 0:01:13]} h5 {[%clk 0:04:28]} 39. Ke2
{[%clk 0:00:57]} Rf8 {[%clk 0:04:12]} 40. Ke1 {[%clk 0:01:01]} Rf2
{[%clk 0:03:13]} 41. Rb3 {[%clk 0:01:02]} Rh2 {[%clk 0:03:01]} 42. Kd1
{[%clk 0:00:29]} Ra7 {[%clk 0:02:02]} 43. Kc1 {[%clk 0:00:34]} Ba4
{[%clk 0:02:09]} 44. Nb6 {[%clk 0:00:35]} Bxb3 {[%clk 0:02:12]} 45. axb3
{[%clk 0:00:43]} Ra1+ {[%clk 0:01:35]} 46. Kb2 {[%clk 0:00:52]} Ra6
{[%clk 0:01:44]} 47. Ndc4 {[%clk 0:00:24]} Rxc2+ {[%clk 0:01:47]} 48. Kxc2
{[%clk 0:00:33]} Nf2 {[%clk 0:01:48]} 0-1

[Event "Team Championship of Russia (rapid)"]
[Site "Sochi"]
[Date "2015.05.08"]
[Round "2.5"]
[White "Nepomniachtchi, Ian"]
[Black "Kamsky, Gata"]
[Result "0-1"]
[LiveChessVersion "1.4.4"]
[BlackElo "2675"]
[WhiteElo "2700"]
[BlackTeam "Ladya"]
[WhiteTeam "SHSM-Our Heritage-1"]

1. e4 {[%clk 0:15:18]} d5 {[%clk 0:15:09]} 2. exd5 {[%clk 0:15:25]} Qxd5
{[%clk 0:15:17]} 3. Nc3 {[%clk 0:15:34]} Qa5 {[%clk 0:15:23]} 4. d4
{[%clk 0:15:40]} Nf6 {[%clk 0:15:30]} 5. Nf3 {[%clk 0:15:48]} c6 {[%clk 0:15:38]}
6. h3 {[%clk 0:15:55]} Bf5 {[%clk 0:15:24]} 7. Bd2 {[%clk 0:15:50]} Qd8
{[%clk 0:15:00]} 8. g4 {[%clk 0:14:29]} Be6 {[%clk 0:14:57]} 9. Bd3
{[%clk 0:13:58]} g6 {[%clk 0:15:02]} 10. Qe2 {[%clk 0:14:06]} Bg7
{[%clk 0:15:09]} 11. O-O-O {[%clk 0:14:13]} a5 {[%clk 0:13:55]} 12. Ng5
{[%clk 0:14:08]} Bd5 {[%clk 0:14:01]} 13. Rhe1 {[%clk 0:14:08]} Na6
{[%clk 0:13:09]} 14. a3 {[%clk 0:13:45]} Nc7 {[%clk 0:13:12]} 15. Na4
{[%clk 0:13:25]} h6 {[%clk 0:13:00]} 16. Nf3 {[%clk 0:13:23]} Ne6
{[%clk 0:11:41]} 17. Ne5 {[%clk 0:13:25]} O-O {[%clk 0:09:34]} 18. Nc5
{[%clk 0:12:23]} Nxd4 {[%clk 0:07:36]} 19. Qe3 {[%clk 0:10:42]} b6
{[%clk 0:07:45]} 20. Qxd4 {[%clk 0:10:30]} bxc5 {[%clk 0:07:53]} 21. Qxc5
{[%clk 0:10:39]} Qd6 {[%clk 0:08:02]} 22. Qe3 {[%clk 0:10:16]} Rfb8
{[%clk 0:06:11]} 23. c4 {[%clk 0:09:54]} Rb3 {[%clk 0:04:15]} 24. Kc2
{[%clk 0:07:22]} Rab8 {[%clk 0:04:08]} 25. Bc1 {[%clk 0:07:31]} Ne4
{[%clk 0:03:45]} 26. Bxe4 {[%clk 0:05:25]} Rxe3 {[%clk 0:03:12]} 27. Rxe3
{[%clk 0:05:34]} Qxe5 {[%clk 0:02:43]} 28. cxd5 {[%clk 0:05:10]} cxd5
{[%clk 0:02:13]} 29. Rxd5 {[%clk 0:04:37]} Rc8+ {[%clk 0:02:20]} 30. Kb1
{[%clk 0:04:40]} Rxc1+ {[%clk 0:02:19]} 31. Kxc1 {[%clk 0:04:49]} Qxb2+ 32. Kd1
Qxf2 {[%clk 0:02:23]} 33. Rd8+ {[%clk 0:03:54]} Kh7 {[%clk 0:02:32]} 34. Rf3
{[%clk 0:04:02]} Qb6 {[%clk 0:02:37]} 35. Rd2 {[%clk 0:03:51]} Bf6
{[%clk 0:02:45]} 36. Ke1 {[%clk 0:02:56]} Kg7 {[%clk 0:02:51]} 37. Kf1
{[%clk 0:03:01]} Bh4 {[%clk 0:02:57]} 38. Kg2 {[%clk 0:02:57]} Qb5
{[%clk 0:02:49]} 39. Rc2 {[%clk 0:02:52]} h5 {[%clk 0:02:53]} 40. Rd3
{[%clk 0:01:36]} f5 {[%clk 0:02:10]} 41. gxf5 {[%clk 0:01:45]} gxf5
{[%clk 0:02:19]} 42. Rd5 {[%clk 0:01:52]} Qb3 {[%clk 0:02:28]} 43. Rxf5
{[%clk 0:01:17]} Qg3+ {[%clk 0:02:37]} 44. Kh1 {[%clk 0:01:17]} Qe1+
{[%clk 0:02:46]} 45. Kh2 {[%clk 0:01:24]} Qxe4 {[%clk 0:02:54]} 46. Rg2+
{[%clk 0:01:31]} Kh6 {[%clk 0:03:03]} 47. Rxa5 {[%clk 0:01:00]} Qf4+
{[%clk 0:02:58]} 48. Kh1 {[%clk 0:01:03]} Bg3 {[%clk 0:03:05]} 0-1

[Event "Team Championship of Russia (rapid)"]
[Site "Sochi"]
[Date "2015.05.08"]
[Round "2.6"]
[White "Artemiev, Vladislav"]
[Black "Najer, Evgeniy"]
[Result "0-1"]
[LiveChessVersion "1.4.4"]
[BlackElo "2667"]
[WhiteElo "2562"]
[BlackTeam "SHSM-Our Heritage-1"]
[WhiteTeam "Ladya"]

1. b3 {[%clk 0:15:12]} d5 {[%clk 0:15:11]} 2. Bb2 {[%clk 0:15:21]} Nf6
{[%clk 0:15:16]} 3. e3 {[%clk 0:15:29]} g6 {[%clk 0:15:19]} 4. c4
{[%clk 0:15:28]} dxc4 {[%clk 0:14:59]} 5. Bxc4 {[%clk 0:14:13]} Bg7
{[%clk 0:15:06]} 6. Nf3 {[%clk 0:14:21]} O-O {[%clk 0:15:14]} 7. O-O
{[%clk 0:14:29]} c5 {[%clk 0:15:20]} 8. Be2 {[%clk 0:14:12]} Nc6 {[%clk 0:13:03]}
9. Qc1 {[%clk 0:14:18]} Qb6 {[%clk 0:12:03]} 10. Nc3 {[%clk 0:13:52]} Qc7
{[%clk 0:11:27]} 11. Nb5 {[%clk 0:13:36]} Qb6 {[%clk 0:11:35]} 12. Nc3
{[%clk 0:07:50]} Qc7 {[%clk 0:11:30]} 13. Ba3 {[%clk 0:07:59]} b6
{[%clk 0:08:09]} 14. d4 {[%clk 0:07:58]} cxd4 {[%clk 0:08:18]} 15. Nb5
{[%clk 0:08:00]} Qd7 {[%clk 0:08:27]} 16. Nfxd4 {[%clk 0:07:04]} Nxd4
{[%clk 0:08:31]} 17. Nxd4 {[%clk 0:07:12]} Bb7 {[%clk 0:08:35]} 18. Bb5
{[%clk 0:07:18]} Qg4 {[%clk 0:06:31]} 19. Bc6 {[%clk 0:06:30]} Rfc8
{[%clk 0:05:58]} 20. Bxb7 {[%clk 0:05:42]} Rxc1 {[%clk 0:06:06]} 21. Raxc1
{[%clk 0:05:51]} Re8 {[%clk 0:05:21]} 22. Bc6 {[%clk 0:05:37]} Rc8
{[%clk 0:03:51]} 23. Bxe7 {[%clk 0:04:37]} h5 {[%clk 0:03:54]} 24. Rcd1
{[%clk 0:01:14]} Qg5 {[%clk 0:02:43]} 25. Nf3 {[%clk 0:00:18]} Qa5
{[%clk 0:02:44]} 26. Bxf6 {[%clk 0:00:21]} Bxf6 {[%clk 0:02:50]} 27. Bd5
{[%clk 0:00:30]} Qxa2 {[%clk 0:02:49]} 28. e4 {[%clk 0:00:39]} Qb2
{[%clk 0:02:41]} 29. Bc4 {[%clk 0:00:28]} b5 {[%clk 0:02:41]} 30. Bxb5
{[%clk 0:00:28]} Qxb3 {[%clk 0:02:49]} 31. Bd7 {[%clk 0:00:25]} Rc5
{[%clk 0:02:38]} 32. h3 {[%clk 0:00:18]} a5 {[%clk 0:02:45]} 33. Be8
{[%clk 0:00:19]} Kf8 {[%clk 0:02:48]} 34. Rb1 {[%clk 0:00:20]} Bb2
{[%clk 0:02:06]} 35. Bd7 {[%clk 0:00:14]} Rc7 {[%clk 0:02:15]} 36. Ba4
{[%clk 0:00:11]} Qxa4 37. Rxb2 Qxe4 {[%clk 0:02:16]} 38. Ra1 {[%clk 0:00:25]} Rc2
{[%clk 0:01:47]} 39. Rbb1 {[%clk 0:00:17]} a4 {[%clk 0:01:18]} 40. Re1
{[%clk 0:00:26]} Qb4 {[%clk 0:01:19]} 41. Ne5 {[%clk 0:00:13]} Qd4
{[%clk 0:01:13]} 42. Kh1 {[%clk 0:00:11]} Qxf2 {[%clk 0:01:15]} 43. Rg1
{[%clk 0:00:17]} Qf4 {[%clk 0:01:10]} 44. Nd3 {[%clk 0:00:11]} Qg3
{[%clk 0:01:08]} 45. Nb4 {[%clk 0:00:19]} Rc4 {[%clk 0:00:32]} 46. Nd5
{[%clk 0:00:18]} Rd4 {[%clk 0:00:35]} 47. Nb6 {[%clk 0:00:17]} a3
{[%clk 0:00:40]} 48. Nc8 {[%clk 0:00:11]} Qc7 {[%clk 0:00:31]} 49. Rgc1
{[%clk 0:00:14]} Rc4 {[%clk 0:00:40]} 50. Rxc4 {[%clk 0:00:17]} Qxc4
{[%clk 0:00:49]} 51. Nb6 {[%clk 0:00:24]} Qc3 {[%clk 0:00:48]} 0-1

[Event "Team Championship of Russia (rapid)"]
[Site "Sochi"]
[Date "2015.05.08"]
[Round "2.7"]
[White "Grachev, Boris"]
[Black "Timofeev, Artyom"]
[Result "1-0"]
[LiveChessVersion "1.4.4"]
[BlackElo "2588"]
[WhiteElo "2665"]
[BlackTeam "Ladya"]
[WhiteTeam "SHSM-Our Heritage-1"]

1. d4 {[%clk 0:15:16]} d5 {[%clk 0:15:18]} 2. Bf4 {[%clk 0:15:24]} e6
{[%clk 0:15:23]} 3. e3 {[%clk 0:15:31]} Nf6 {[%clk 0:15:06]} 4. Nd2
{[%clk 0:15:34]} Bd6 {[%clk 0:15:12]} 5. Bg3 {[%clk 0:15:03]} O-O
{[%clk 0:15:12]} 6. Bd3 {[%clk 0:15:11]} c5 {[%clk 0:15:13]} 7. c3
{[%clk 0:15:19]} b6 {[%clk 0:15:13]} 8. e4 {[%clk 0:14:46]} Be7 {[%clk 0:13:44]}
9. e5 {[%clk 0:14:22]} Nfd7 {[%clk 0:13:50]} 10. Qh5 {[%clk 0:13:54]} f5
{[%clk 0:13:29]} 11. exf6 {[%clk 0:13:19]} Nxf6 {[%clk 0:13:35]} 12. Qe2
{[%clk 0:13:25]} cxd4 {[%clk 0:13:29]} 13. cxd4 {[%clk 0:13:33]} Nc6
{[%clk 0:13:36]} 14. Ngf3 {[%clk 0:13:41]} Nb4 {[%clk 0:13:33]} 15. O-O
{[%clk 0:13:30]} Nxd3 {[%clk 0:12:13]} 16. Qxd3 {[%clk 0:13:38]} Nh5
{[%clk 0:12:10]} 17. Rfe1 {[%clk 0:13:00]} Nxg3 {[%clk 0:12:02]} 18. hxg3
{[%clk 0:13:04]} Bd7 {[%clk 0:12:07]} 19. Ne5 {[%clk 0:12:56]} Be8
{[%clk 0:11:12]} 20. f4 {[%clk 0:12:30]} Rc8 {[%clk 0:09:55]} 21. Ndf3
{[%clk 0:12:05]} Qc7 {[%clk 0:06:34]} 22. Re2 {[%clk 0:11:54]} a5
{[%clk 0:06:25]} 23. Kf2 {[%clk 0:10:59]} Bf6 {[%clk 0:05:23]} 24. Rh1
{[%clk 0:10:55]} h6 {[%clk 0:05:31]} 25. Ng4 {[%clk 0:08:52]} Qc4
{[%clk 0:05:19]} 26. Qe3 {[%clk 0:08:22]} Bd7 {[%clk 0:04:44]} 27. Nge5
{[%clk 0:07:25]} Qb5 {[%clk 0:04:14]} 28. Nxd7 {[%clk 0:06:59]} Qxd7
{[%clk 0:04:22]} 29. Qxe6+ {[%clk 0:07:05]} Qxe6 {[%clk 0:04:30]} 30. Rxe6
{[%clk 0:07:13]} Rc2+ {[%clk 0:04:38]} 31. Re2 {[%clk 0:07:22]} Rfc8
{[%clk 0:04:35]} 32. Rhe1 {[%clk 0:07:29]} h5 {[%clk 0:03:50]} 33. Rxc2
{[%clk 0:06:57]} Rxc2+ {[%clk 0:03:58]} 34. Re2 {[%clk 0:07:06]} Rc1
{[%clk 0:04:05]} 35. Ke3 {[%clk 0:06:17]} Kh7 {[%clk 0:03:23]} 36. Ne5
{[%clk 0:05:11]} b5 {[%clk 0:02:51]} 37. g4 {[%clk 0:04:41]} hxg4
{[%clk 0:01:23]} 38. Nxg4 {[%clk 0:04:48]} Bd8 {[%clk 0:01:31]} 39. Ne5
{[%clk 0:03:33]} Bb6 {[%clk 0:01:30]} 40. g4 {[%clk 0:03:19]} Rd1
{[%clk 0:01:36]} 41. Nf3 {[%clk 0:03:27]} Rc1 {[%clk 0:01:23]} 42. f5
{[%clk 0:03:16]} g6 {[%clk 0:01:07]} 43. f6 {[%clk 0:02:41]} g5 {[%clk 0:01:09]}
44. Rh2+ {[%clk 0:02:17]} Kg8 {[%clk 0:01:08]} 45. Nxg5 {[%clk 0:02:14]} Re1+
{[%clk 0:00:28]} 46. Kf2 {[%clk 0:01:57]} Rc1 {[%clk 0:00:20]} 47. f7+
{[%clk 0:02:04]} 1-0

[Event "Team Championship of Russia (rapid)"]
[Site "Sochi"]
[Date "2015.05.08"]
[Round "2.8"]
[White "Sharafiev, Azat"]
[Black "Inarkiev, Ernesto"]
[Result "0-1"]
[LiveChessVersion "1.4.4"]
[BlackElo "2611"]
[WhiteElo "2674"]
[BlackTeam "SHSM-Our Heritage-1"]
[WhiteTeam "Ladya"]

1. Nf3 {[%clk 0:15:19]} d5 {[%clk 0:15:19]} 2. g3 {[%clk 0:15:27]} g6
{[%clk 0:15:28]} 3. Bg2 {[%clk 0:15:36]} Bg7 {[%clk 0:15:37]} 4. O-O
{[%clk 0:15:41]} e5 {[%clk 0:15:42]} 5. d3 {[%clk 0:15:46]} c5 {[%clk 0:15:24]}
6. c4 {[%clk 0:15:36]} d4 {[%clk 0:14:57]} 7. b4 {[%clk 0:15:35]} Ne7
{[%clk 0:14:22]} 8. bxc5 {[%clk 0:15:24]} Nd7 {[%clk 0:14:16]} 9. Ba3
{[%clk 0:15:26]} Qc7 {[%clk 0:14:24]} 10. Qa4 {[%clk 0:14:33]} O-O
{[%clk 0:13:15]} 11. Nbd2 {[%clk 0:14:42]} Nxc5 {[%clk 0:13:11]} 12. Qb4
{[%clk 0:14:49]} b6 {[%clk 0:12:55]} 13. Nxd4 {[%clk 0:14:23]} Bb7
{[%clk 0:12:38]} 14. Bxb7 {[%clk 0:12:55]} Qxb7 {[%clk 0:12:47]} 15. N4b3
{[%clk 0:12:55]} Nxb3 {[%clk 0:12:55]} 16. Nxb3 {[%clk 0:12:37]} Nc6
{[%clk 0:13:03]} 17. Qd2 {[%clk 0:12:35]} Rfe8 {[%clk 0:13:06]} 18. Bb2
{[%clk 0:12:35]} Rad8 {[%clk 0:13:14]} 19. a4 {[%clk 0:11:29]} Qd7
{[%clk 0:11:53]} 20. Qe3 {[%clk 0:10:32]} f5 {[%clk 0:10:29]} 21. Rfd1
{[%clk 0:07:43]} Qf7 {[%clk 0:09:12]} 22. Qc1 {[%clk 0:07:48]} f4
{[%clk 0:08:21]} 23. Nd2 {[%clk 0:07:34]} g5 {[%clk 0:08:30]} 24. f3
{[%clk 0:06:41]} fxg3 {[%clk 0:07:26]} 25. hxg3 {[%clk 0:06:50]} g4
{[%clk 0:07:36]} 26. Rf1 {[%clk 0:06:38]} Bh6 {[%clk 0:07:45]} 27. Qe1
{[%clk 0:06:30]} Qh5 {[%clk 0:07:53]} 28. fxg4 {[%clk 0:06:22]} Qh3
{[%clk 0:07:32]} 29. Rf3 {[%clk 0:06:15]} Nd4 {[%clk 0:07:05]} 30. Bxd4
{[%clk 0:04:35]} exd4 {[%clk 0:07:03]} 31. Nf1 {[%clk 0:04:41]} Qxg4
{[%clk 0:06:37]} 32. Qf2 {[%clk 0:03:38]} Re5 {[%clk 0:06:46]} 33. Ra2
{[%clk 0:02:45]} Rde8 {[%clk 0:06:55]} 34. Nh2 {[%clk 0:02:25]} Qd7
{[%clk 0:06:58]} 35. Nf1 {[%clk 0:02:17]} Qg4 {[%clk 0:07:07]} 36. Nh2
{[%clk 0:02:26]} Qe6 {[%clk 0:06:55]} 37. Kf1 {[%clk 0:01:35]} Be3
{[%clk 0:06:33]} 38. Qg2 {[%clk 0:01:44]} b5 {[%clk 0:05:37]} 39. axb5
{[%clk 0:00:59]} Rxb5 {[%clk 0:05:46]} 40. Ra1 {[%clk 0:01:04]} Rb2
{[%clk 0:05:51]} 41. Re1 {[%clk 0:00:55]} Reb8 {[%clk 0:03:38]} 42. Rxe3
{[%clk 0:00:31]} Qxe3 {[%clk 0:03:16]} 43. Qd5+ {[%clk 0:00:25]} Kh8
{[%clk 0:03:25]} 44. Ng4 {[%clk 0:00:19]} Rf8+ {[%clk 0:02:08]} 45. Kg2
{[%clk 0:00:28]} Qe7 {[%clk 0:02:17]} 46. Qxd4+ {[%clk 0:00:34]} Qg7
{[%clk 0:02:27]} 47. Qe4 {[%clk 0:00:15]} Rg8 {[%clk 0:02:22]} 48. Rh1
{[%clk 0:00:21]} Rb6 {[%clk 0:02:14]} 49. Rh4 {[%clk 0:00:15]} Rg6
{[%clk 0:02:18]} 50. Kh3 {[%clk 0:00:24]} Rg5 {[%clk 0:01:57]} 51. d4
{[%clk 0:00:18]} a5 {[%clk 0:02:02]} 52. c5 {[%clk 0:00:14]} a4 {[%clk 0:02:09]}
53. c6 {[%clk 0:00:12]} a3 {[%clk 0:02:19]} 54. c7 {[%clk 0:00:11]} Qxc7
{[%clk 0:02:23]} 55. Ne5 {[%clk 0:00:11]} Rxg3+ {[%clk 0:02:13]} 56. Kh2
{[%clk 0:00:20]} Rg2+ {[%clk 0:01:57]} 0-1